El triunfo de Humala y la izquierda peruana: entrevista a Alberto Adrianzén /
Uloženo v:
| Hlavní autor: | |
|---|---|
| Další autoři: | |
| Médium: | Text |
| Tagy: |
Přidat tag
Žádné tagy, Buďte první, kdo vytvoří štítek k tomuto záznamu!
|
MARC
| LEADER | 00000 a a2200000 04500 | ||
|---|---|---|---|
| 001 | 48299 | ||
| 003 | |||
| 040 | |||
| 100 | |a Diez, Jonathan | ||
| 245 | |a El triunfo de Humala y la izquierda peruana: |b entrevista a Alberto Adrianzén / |c Jonathan Diez, Dan Lerner | ||
| 700 | |a Lerner, Dan | ||
| 773 | |g número185, (2012), páginas 37-43 : fotos | ||
| 999 | |c 36351 |d 36351 | ||
